书目信息 |
| 题名: |
简单轻松学会计
|
|
| 作者: | 许群 主编 | |
| 分册: | ||
| 出版信息: | 北京 中国市场出版社 2006 |
|
| 页数: | 271页 | |
| 开本: | 21cm | |
| 丛书名: | 简单轻松学财会丛书 | |
| 单 册: | ||
| 中图分类: | F23 | |
| 科图分类: | ||
| 主题词: | 会计--Kuai Ji--基本知识 | |
| 电子资源: | ||
| ISBN: | 7-80155-996-7 | |
| 000 | 00913nam 2200277 450 | |
| 001 | CAL 012006056293 | |
| 005 | 20061120161558.72 | |
| 010 | @a7-80155-996-7@dCNY 24.00 | |
| 099 | @aCAL 012006056293 | |
| 100 | @a20060418d2006 ekmy0chiy0121 ea | |
| 101 | 0 | @achi |
| 102 | @aCN@b110000 | |
| 105 | @aak z 000yy | |
| 200 | 1 | @a简单轻松学会计@AJian Dan Qing Song Xue Kuai Ji@f许群主编@Fxu qun zhu bian |
| 210 | @a北京@c中国市场出版社@d2006 | |
| 215 | @a271页@c图@d21cm | |
| 225 | 2 | @a简单轻松学财会丛书@AJian Dan Qing Song Xue Cai Kuai Cong Shu |
| 330 | @a本书涵盖了出纳工作的方方面面,系统介绍了会计的基本知识、会计应具备的业务知识、建账的原则、建账的意义、记帐方法等内容。 | |
| 333 | @a会计人员 | |
| 410 | 0 | @12001 @a简单轻松学财会丛书 |
| 606 | 0 | @a会计@AKuai Ji@x基本知识 |
| 690 | @aF23@v4 | |
| 701 | 0 | @a许群@AXu Qun@4主编 |
| 801 | @aCN@c20061120 | |
| 905 | @a10447@dF23@eX885 | |
| 998 | @aBUA | |
| 简单轻松学会计/许群主编.-北京:中国市场出版社,2006 |
| 271页:图;21cm.-(简单轻松学财会丛书) |
| 使用对象:会计人员 |
| ISBN 7-80155-996-7:CNY 24.00 |
| 本书涵盖了出纳工作的方方面面,系统介绍了会计的基本知识、会计应具备的业务知识、建账的原则、建账的意义、记帐方法等内容。 |
| ● |
| 相关链接 |
|
|
|
正题名:简单轻松学会计
索取号:F23/X885
 
预约/预借
| 序号 | 登录号 | 条形码 | 馆藏地/架位号 | 状态 | 备注 |
| 1 | 610972 | 206109726 | 社科库409/ [索取号:F23/X885] | 在馆 | |
| 2 | 610973 | 206109735 | 社科库409/409社科库 74排2列2层/ [索取号:F23/X885] | 在馆 | |
| 3 | 610974 | 206109744 | 社科库409/ [索取号:F23/X885] | 在馆 |